[Event "7. Arber-Senioren-Cup 2019"]
[Site "Bodenmais"]
[Date "2019.08.02"]
[Round "7.16"]
[White "Ketzscher, Roland"]
[Black "Meckel, Helmut"]
[Result "1/2-1/2"]
[WhiteElo "1917"]
[BlackElo "1804"]
[Annotator "NA"]
[PlyCount "38"]
[EventDate "2019.07.27"]
[EventType "swiss"]
[EventCountry "GER"]
[SourceTitle "playchess.com"]
[Source "ChessBase"]
[SourceQuality "1"]
[TimeControl "60/7800+30:0"]

1. d4 {[%emt 0:00:00]} e6 {[%emt 0:00:00]} 2. Nf3 {[%emt 0:00:00]} f5 {[%emt 0:00:00]} 3. g3 {[%emt 0:00:08]} Nf6 {[%emt 0:00:00]} 4. Bg2 {[%emt 0:00:08]} Be7 {[%emt 0:00:04]} 5. O-O {[%emt 0:00:11]} O-O {[%emt 0:00:15]} 6. c4 {[%emt 0:00:15]} d6 {[%emt 0:00:13]} 7. Nc3 {[%emt 0:00:39]} Qe8 {[%emt 0:00:05]} 8. Re1 {[%emt 0:00:56]} Qh5 {[%emt 0:00:40]} 9. e4 {[%emt 0:01:20]} fxe4 {[%emt 0:00:30]} 10. Nxe4 {[%emt 0:00:09]} Nc6 {[%emt 0:00:38]} 11. Qb3 {[%emt 0:18:02]} Nxe4 {[%emt 0:11:11]} 12. Rxe4 {[%emt 0:00:10]} d5 {[%emt 0:04:27]} 13. cxd5 {[%emt 0:12:34]} exd5 {[%emt 0:00:27]} 14. Re1 {[%emt 0:02:25]} Kh8 {[%emt 0:14:03]} 15. Qc3 {[%emt 0:06:49]} Bb4 {[%emt 0:00:39]} 16. Qe3 {[%emt 0:11:53]} Bxe1 {[%emt 0:01:00]} 17. Qxe1 {[%emt 0:00:20]} Bg4 {[%emt 0:03:46]} 18. Ne5 {[%emt 0:02:02]} Nxd4 {[%emt 0:02:08]} 19. Nxg4 {[%emt 0:03:46]} Qxg4 {[%emt 0:01:20]} 1/2-1/2

[Event "7. Arber-Senioren-Cup 2019"]
[Site "Bodenmais"]
[Date "2019.08.02"]
[Round "7.17"]
[White "Augustin, Christian"]
[Black "Otto, Klaus"]
[Result "1-0"]
[WhiteElo "1971"]
[BlackElo "1725"]
[Annotator "NA"]
[PlyCount "62"]
[EventDate "2019.07.27"]
[EventType "swiss"]
[EventCountry "GER"]
[SourceTitle "playchess.com"]
[Source "ChessBase"]
[SourceQuality "1"]
[TimeControl "60/7800+30:0"]

1. d4 {[%emt 0:00:00]} Nf6 {[%emt 0:00:00]} 2. e3 {[%emt 0:00:00]} d5 {[%emt 0:00:09]} 3. Nf3 {[%emt 0:00:04]} e6 {[%emt 0:00:14]} 4. Bd3 {[%emt 0:00:06]} Bd7 {[%emt 0:00:58]} 5. Ne5 {[%emt 0:01:39]} Be7 {[%emt 0:02:08]} 6. Nd2 {[%emt 0:01:03]} a6 {[%emt 0:00:45]} 7. a4 {[%emt 0:07:15]} c5 {[%emt 0:01:21]} 8. c3 {[%emt 0:00:13]} c4 {[%emt 0:00:40]} 9. Bc2 {[%emt 0:00:18]} O-O {[%emt 0:01:24]} 10. O-O {[%emt 0:00:18]} Nc6 {[%emt 0:01:46]} 11. f4 {[%emt 0:00:20]} Ne8 {[%emt 0:00:53]} 12. Rf3 {[%emt 0:12:53]} f5 {[%emt 0:01:27]} 13. Rh3 {[%emt 0:13:06]} Nf6 {[%emt 0:01:09]} 14. Ndf3 {[%emt 0:00:57]} h6 {[%emt 0:01:25]} 15. Ng6 {[%emt 0:04:03]} Rf7 {[%emt 0:01:09]} 16. Bd2 {[%emt 0:09:53]} Nh7 {[%emt 0:02:07]} 17. Nfe5 {[%emt 0:03:47]} Nxe5 {[%emt 0:02:49]} 18. Nxe5 {[%emt 0:01:25]} Rf8 {[%emt 0:00:38]} 19. Be1 {[%emt 0:00:39]} Be8 {[%emt 0:01:04]} 20. Qf3 {[%emt 0:02:24]} Bf7 {[%emt 0:04:21]} 21. g4 {[%emt 0:03:44]} fxg4 {[%emt 0:04:47]} 22. Qxg4 {[%emt 0:03:31]} Kh8 {[%emt 0:01:21]} 23. Nxf7+ {[%emt 0:01:01]} Rxf7 {[%emt 0:00:31]} 24. Qg6 {[%emt 0:00:12]} Qg8 {[%emt 0:01:12]} 25. Qxe6 {[%emt 0:03:09]} Nf6 {[%emt 0:03:50]} 26. Bg6 {[%emt 0:02:15]} Raf8 {[%emt 0:02:06]} 27. Bh4 {[%emt 0:02:52]} Bd8 {[%emt 0:00:41]} 28. Bxf7 {[%emt 0:00:31]} Rxf7 {[%emt 0:00:16]} 29. Bxf6 {[%emt 0:01:21]} Bxf6 {[%emt 0:01:12]} 30. Qxd5 {[%emt 0:00:28]} Rc7 {[%emt 0:00:40]} 31. Qxg8+ {[%emt 0:00:15]} Kxg8 {[%emt 0:00:17]} 1-0

[Event "7. Arber-Senioren-Cup 2019"]
[Site "Bodenmais"]
[Date "2019.08.02"]
[Round "7.18"]
[White "Limberg, Siegfried"]
[Black "Boldt, Heinrich"]
[Result "1-0"]
[WhiteElo "1983"]
[BlackElo "1803"]
[Annotator "NA"]
[PlyCount "75"]
[EventDate "2019.07.27"]
[EventType "swiss"]
[EventCountry "GER"]
[SourceTitle "playchess.com"]
[Source "ChessBase"]
[SourceQuality "1"]
[TimeControl "60/7800+30:0"]

1. d4 {[%emt 0:00:00]} d5 {[%emt 0:00:00]} 2. Nf3 {[%emt 0:00:00]} Bf5 {[%emt 0:00:00]} 3. c4 {[%emt 0:00:28]} e6 {[%emt 0:00:13]} 4. Nc3 {[%emt 0:00:20]} c6 {[%emt 0:02:54]} 5. e3 {[%emt 0:00:25]} Nf6 {[%emt 0:01:49]} 6. Be2 {[%emt 0:00:52]} Be7 {[%emt 0:00:44]} 7. Ne5 {[%emt 0:01:09]} h6 {[%emt 0:02:29]} 8. O-O {[%emt 0:01:55]} Nbd7 {[%emt 0:00:16]} 9. f4 {[%emt 0:00:55]} Ne4 {[%emt 0:04:36]} 10. cxd5 {[%emt 0:05:28]} exd5 {[%emt 0:01:26]} 11. Nd3 {[%emt 0:13:03]} Ndf6 {[%emt 0:06:47]} 12. a3 {[%emt 0:02:51]} a6 {[%emt 0:05:06]} 13. Bf3 {[%emt 0:02:15]} Bd6 {[%emt 0:07:45]} 14. Ne5 {[%emt 0:03:24]} Qe7 {[%emt 0:06:05]} 15. Bd2 {[%emt 0:02:49]} Nxd2 {[%emt 0:02:54]} 16. Qxd2 {[%emt 0:00:08]} O-O {[%emt 0:00:18]} 17. Kh1 {[%emt 0:05:13]} Rad8 {[%emt 0:01:52]} 18. Qe1 {[%emt 0:03:35]} Nh7 {[%emt 0:10:41]} 19. Qf2 {[%emt 0:02:13]} f6 {[%emt 0:02:48]} 20. g4 {[%emt 0:01:31]} fxe5 {[%emt 0:06:56]} 21. gxf5 {[%emt 0:02:25]} exd4 {[%emt 0:02:30]} 22. exd4 {[%emt 0:01:07]} Rxf5 {[%emt 0:02:58]} 23. Rae1 {[%emt 0:00:57]} Qf6 {[%emt 0:02:32]} 24. Ne2 {[%emt 0:00:52]} Rf8 {[%emt 0:00:49]} 25. Bg4 {[%emt 0:02:03]} Rg5 {[%emt 0:03:37]} 26. Qg2 {[%emt 0:07:26]} Rg6 {[%emt 0:12:45]} 27. f5 {[%emt 0:02:05]} Rg5 {[%emt 0:02:33]} 28. h4 {[%emt 0:00:34]} Rh5 {[%emt 0:02:00]} 29. Bxh5 {[%emt 0:02:04]} Qxh4+ {[%emt 0:00:13]} 30. Kg1 {[%emt 0:00:31]} Qxh5 {[%emt 0:00:03]} 31. Nf4 {[%emt 0:07:24]} Qh4 {[%emt 0:05:10]} 32. Ne6 {[%emt 0:05:54]} Ng5 {[%emt 0:02:47]} 33. Nxg5 {[%emt 0:05:13]} Qxd4+ {[%emt 0:01:12]} 34. Kh1 {[%emt 0:03:39]} hxg5 {[%emt 0:01:40]} 35. Qxg5 {[%emt 0:01:43]} Rf6 {[%emt 0:02:39]} 36. Rg1 {[%emt 0:06:36]} Rxf5 {[%emt 0:09:55]} 37. Qxf5 {[%emt 0:07:30]} Qh4+ {[%emt 0:00:57]} 38. Kg2 {[%emt 0:00:06]} 1-0

[Event "7. Arber-Senioren-Cup 2019"]
[Site "Bodenmais"]
[Date "2019.08.02"]
[Round "7.19"]
[White "Kirschner, Torsten"]
[Black "Gerl, Hans"]
[Result "1-0"]
[WhiteElo "1767"]
[BlackElo "1955"]
[Annotator "NA"]
[PlyCount "181"]
[EventDate "2019.07.27"]
[EventType "swiss"]
[EventCountry "GER"]
[SourceTitle "playchess.com"]
[Source "ChessBase"]
[SourceQuality "1"]
[TimeControl "60/7800+30:0"]

1. d4 {[%emt 0:00:00]} Nf6 {[%emt 0:00:00]} 2. c4 {[%emt 0:00:01]} e6 {[%emt 0:00:00]} 3. Nf3 {[%emt 0:00:38]} b6 {[%emt 0:00:13]} 4. g3 {[%emt 0:01:19]} Bb7 {[%emt 0:01:13]} 5. Bg2 {[%emt 0:00:23]} Be7 {[%emt 0:00:53]} 6. O-O {[%emt 0:01:17]} O-O {[%emt 0:00:20]} 7. d5 {[%emt 0:02:30]} exd5 8. Nh4 c6 {[%emt 0:05:42]} 9. cxd5 {[%emt 0:03:25]} Nxd5 {[%emt 0:02:24]} 10. Nf5 {[%emt 0:01:22]} Na6 {[%emt 0:03:01]} 11. e4 {[%emt 0:02:37]} Nf6 {[%emt 0:04:47]} 12. Nc3 {[%emt 0:02:59]} d6 {[%emt 0:02:04]} 13. Bf4 {[%emt 0:10:30]} Ne8 {[%emt 0:02:56]} 14. Qg4 {[%emt 0:04:12]} Bc8 {[%emt 0:03:01]} 15. Rad1 {[%emt 0:09:58]} Bxf5 {[%emt 0:02:56]} 16. Qxf5 {[%emt 0:02:33]} Qc8 {[%emt 0:01:56]} 17. Qh5 {[%emt 0:02:23]} Nf6 {[%emt 0:00:52]} 18. Qe2 {[%emt 0:02:17]} Rd8 {[%emt 0:00:51]} 19. e5 {[%emt 0:02:49]} dxe5 {[%emt 0:00:26]} 20. Bxe5 {[%emt 0:00:54]} Rxd1 {[%emt 0:09:44]} 21. Rxd1 {[%emt 0:02:52]} Nc5 {[%emt 0:04:52]} 22. Bd6 {[%emt 0:12:55]} Bf8 {[%emt 0:04:49]} 23. Qf3 {[%emt 0:06:54]} Bxd6 24. Rxd6 Qe8 {[%emt 0:06:24]} 25. Qxc6 {[%emt 0:03:16]} Qe1+ {[%emt 0:00:56]} 26. Bf1 {[%emt 0:00:26]} Re8 {[%emt 0:01:35]} 27. Rd1 {[%emt 0:02:55]} Qe5 {[%emt 0:00:26]} 28. Bg2 {[%emt 0:05:38]} h5 {[%emt 0:01:18]} 29. Qd6 {[%emt 0:00:51]} Qf5 {[%emt 0:01:32]} 30. Nd5 {[%emt 0:03:38]} Nxd5 {[%emt 0:08:25]} 31. Qxd5 {[%emt 0:00:57]} Qxd5 {[%emt 0:01:12]} 32. Rxd5 {[%emt 0:00:15]} g6 {[%emt 0:00:38]} 33. Kf1 {[%emt 0:01:03]} Re7 {[%emt 0:00:44]} 34. b4 {[%emt 0:01:54]} Ne6 {[%emt 0:00:22]} 35. Rd6 {[%emt 0:00:56]} Rc7 {[%emt 0:00:35]} 36. Rc6 {[%emt 0:01:23]} Rd7 {[%emt 0:00:10]} 37. Bh3 {[%emt 0:03:38]} Rd1+ {[%emt 0:04:10]} 38. Ke2 {[%emt 0:00:48]} Rb1 {[%emt 0:04:27]} 39. Bxe6 {[%emt 0:01:42]} fxe6 40. a3 Rb2+ {[%emt 0:01:45]} 41. Kf1 {[%emt 0:00:54]} Kf7 {[%emt 0:02:31]} 42. Rc7+ {[%emt 0:00:24]} Kf6 {[%emt 0:00:11]} 43. Rxa7 {[%emt 0:00:14]} Rb3 {[%emt 0:02:39]} 44. Ra6 {[%emt 0:00:24]} Ke5 {[%emt 0:00:13]} 45. Kg2 {[%emt 0:01:07]} Kd5 {[%emt 0:00:49]} 46. Rxb6 {[%emt 0:00:11]} Rxa3 {[%emt 0:00:12]} 47. h4 {[%emt 0:00:48]} Ke5 {[%emt 0:01:53]} 48. Rb8 {[%emt 0:00:26]} Rb3 {[%emt 0:00:23]} 49. b5 {[%emt 0:00:21]} Kd6 {[%emt 0:00:54]} 50. b6 {[%emt 0:00:44]} Kc6 {[%emt 0:01:20]} 51. Rg8 {[%emt 0:00:49]} Rxb6 52. Rxg6 Kd5 {[%emt 0:01:19]} 53. Rg5+ {[%emt 0:01:02]} Ke4 {[%emt 0:00:41]} 54. Rxh5 {[%emt 0:00:10]} e5 {[%emt 0:00:25]} 55. Rh8 {[%emt 0:00:38]} Kf5 {[%emt 0:00:59]} 56. Rh5+ {[%emt 0:01:45]} Ke4 {[%emt 0:00:52]} 57. f3+ {[%emt 0:00:17]} Kd4 {[%emt 0:00:14]} 58. g4 {[%emt 0:00:14]} Rb2+ {[%emt 0:01:29]} 59. Kg3 {[%emt 0:01:27]} Rb3 {[%emt 0:00:38]} 60. Rh8 {[%emt 0:01:14]} e4 {[%emt 0:00:23]} 61. Rd8+ {[%emt 2:10:41]} Kc4 {[%emt 2:10:55]} 62. Rf8 {[%emt 0:00:29]} e3 {[%emt 0:00:43]} 63. Re8 {[%emt 0:01:03]} Kd3 {[%emt 0:00:44]} 64. h5 {[%emt 0:00:16]} Rb1 {[%emt 0:09:29]} 65. h6 {[%emt 0:03:14]} Rh1 {[%emt 0:02:01]} 66. g5 {[%emt 0:00:20]} e2 {[%emt 0:00:16]} 67. Kg4 {[%emt 0:01:58]} Kd2 {[%emt 0:01:32]} 68. Kf5 {[%emt 0:00:48]} e1=Q {[%emt 0:00:24]} 69. Rxe1 {[%emt 0:00:10]} Kxe1 {[%emt 0:00:03]} 70. Kg6 {[%emt 0:00:19]} Kf2 {[%emt 0:00:26]} 71. f4 {[%emt 0:00:16]} Kf3 {[%emt 0:00:44]} 72. f5 {[%emt 0:00:29]} Kf4 {[%emt 0:00:19]} 73. f6 {[%emt 0:00:30]} Rg1 {[%emt 0:01:02]} 74. f7 {[%emt 0:00:28]} Rxg5+ {[%emt 0:00:27]} 75. Kf6 {[%emt 0:00:46]} Rf5+ {[%emt 0:00:14]} 76. Ke6 {[%emt 0:00:39]} Re5+ {[%emt 0:03:22]} 77. Kd6 {[%emt 0:01:56]} Rf5 {[%emt 0:00:16]} 78. h7 {[%emt 0:00:48]} Rxf7 {[%emt 0:00:15]} 79. h8=Q {[%emt 0:00:19]} Rf5 {[%emt 0:00:18]} 80. Qd4+ {[%emt 0:01:26]} Kg5 {[%emt 0:00:47]} 81. Qe4 {[%emt 0:00:41]} Rf6+ {[%emt 0:01:47]} 82. Ke5 {[%emt 0:03:50]} Rf7 {[%emt 0:00:43]} 83. Qg2+ {[%emt 0:01:07]} Kh6 {[%emt 0:00:26]} 84. Qg8 {[%emt 0:03:57]} Rg7 {[%emt 0:02:34]} 85. Qh8+ {[%emt 0:03:29]} Kg6 {[%emt 0:00:22]} 86. Qh4 {[%emt 0:00:33]} Rf7 {[%emt 0:01:07]} 87. Ke6 {[%emt 0:00:40]} Rf8 {[%emt 0:01:18]} 88. Qg4+ {[%emt 0:00:59]} Kh6 {[%emt 0:00:30]} 89. Ke7 {[%emt 0:00:45]} Rh8 {[%emt 0:02:51]} 90. Kf7 {[%emt 0:01:26]} Rh7+ {[%emt 0:00:16]} 91. Kf6 {[%emt 0:00:27]} 1-0

[Event "7. Arber-Senioren-Cup 2019"]
[Site "Bodenmais"]
[Date "2019.08.02"]
[Round "7.20"]
[White "Schmidt, Matthias"]
[Black "Sagner, Guenter"]
[Result "1-0"]
[WhiteElo "2020"]
[BlackElo "1696"]
[Annotator "NA"]
[PlyCount "31"]
[EventDate "2019.07.27"]
[EventType "swiss"]
[EventCountry "GER"]
[SourceTitle "playchess.com"]
[Source "ChessBase"]
[SourceQuality "1"]
[TimeControl "60/7800+30:0"]

1. d4 {[%emt 0:00:00]} Nf6 {[%emt 0:01:05]} 2. Nf3 {[%emt 0:00:00]} e6 {[%emt 0:00:21]} 3. g3 {[%emt 0:00:00]} c5 {[%emt 0:01:52]} 4. Bg2 {[%emt 0:01:31]} d5 {[%emt 0:00:15]} 5. O-O {[%emt 0:00:52]} Nc6 {[%emt 0:02:05]} 6. c3 {[%emt 0:02:36]} b6 {[%emt 0:02:50]} 7. Re1 {[%emt 0:01:18]} Bd6 {[%emt 0:01:41]} 8. Bg5 {[%emt 0:02:40]} h6 {[%emt 0:01:09]} 9. Bxf6 {[%emt 0:00:22]} Qxf6 {[%emt 0:00:05]} 10. dxc5 {[%emt 0:02:26]} bxc5 {[%emt 0:00:46]} 11. e4 {[%emt 0:03:43]} e5 {[%emt 0:09:35]} 12. exd5 {[%emt 0:08:30]} Ne7 {[%emt 0:02:53]} 13. Nbd2 {[%emt 0:02:52]} Nf5 {[%emt 0:05:46]} 14. Ne4 {[%emt 0:02:25]} Qd8 {[%emt 0:11:23]} 15. Nxd6+ Nxd6 16. Rxe5+ 1-0

[Event "7. Arber-Senioren-Cup 2019"]
[Site "Bodenmais"]
[Date "2019.08.02"]
[Round "7.21"]
[White "Klimpel, Siegfried"]
[Black "Hilbig, Dieter"]
[Result "0-1"]
[WhiteElo "1843"]
[BlackElo "1943"]
[Annotator "NA"]
[PlyCount "74"]
[EventDate "2019.07.27"]
[EventType "swiss"]
[EventCountry "GER"]
[SourceTitle "playchess.com"]
[Source "ChessBase"]
[SourceQuality "1"]
[TimeControl "60/7800+30:0"]

1. e4 {[%emt 0:00:00]} c5 {[%emt 0:00:00]} 2. d4 {[%emt 0:00:28]} cxd4 {[%emt 0:00:07]} 3. c3 {[%emt 0:00:07]} dxc3 {[%emt 0:00:10]} 4. Nxc3 {[%emt 0:00:06]} Nc6 {[%emt 0:00:37]} 5. Nf3 {[%emt 0:00:09]} d6 {[%emt 0:00:38]} 6. Bc4 {[%emt 0:00:39]} a6 {[%emt 0:00:28]} 7. O-O {[%emt 0:00:57]} Nf6 {[%emt 0:00:20]} 8. Bf4 {[%emt 0:01:14]} Bg4 {[%emt 0:02:28]} 9. Rc1 {[%emt 0:17:32]} e6 {[%emt 0:02:37]} 10. h3 {[%emt 0:03:33]} Bh5 {[%emt 0:01:32]} 11. g4 {[%emt 0:01:36]} Bg6 {[%emt 0:00:42]} 12. Qe2 {[%emt 0:00:22]} Be7 {[%emt 0:01:55]} 13. Rfd1 {[%emt 0:01:36]} Qb8 {[%emt 0:00:58]} 14. e5 {[%emt 0:03:21]} dxe5 {[%emt 0:03:55]} 15. Nxe5 {[%emt 0:00:35]} Nxe5 {[%emt 0:01:07]} 16. Bxe5 {[%emt 0:00:22]} Qa7 {[%emt 0:02:07]} 17. Bb5+ {[%emt 0:13:40]} axb5 {[%emt 0:11:09]} 18. Nxb5 {[%emt 0:00:31]} Qxa2 {[%emt 0:01:10]} 19. Nc7+ {[%emt 0:00:18]} Kf8 {[%emt 0:00:06]} 20. Nxa8 {[%emt 0:00:13]} Qxa8 {[%emt 0:00:08]} 21. Ra1 {[%emt 0:00:02]} Qc8 {[%emt 0:00:56]} 22. Rdc1 {[%emt 0:00:56]} Qd8 {[%emt 0:06:17]} 23. Ra4 {[%emt 0:10:09]} h5 {[%emt 0:12:11]} 24. Rc7 {[%emt 0:16:36]} Bd6 {[%emt 0:08:43]} 25. Bxd6+ {[%emt 0:11:37]} Qxd6 {[%emt 0:00:08]} 26. Rxb7 {[%emt 0:00:08]} Kg8 {[%emt 0:08:29]} 27. Ra8+ {[%emt 0:04:43]} Kh7 {[%emt 0:00:14]} 28. Rxh8+ {[%emt 0:00:06]} Kxh8 {[%emt 0:00:05]} 29. Rb3 {[%emt 0:04:52]} Qf4 {[%emt 0:10:06]} 30. Rf3 {[%emt 0:03:03]} Qc1+ {[%emt 0:00:15]} 31. Kh2 {[%emt 0:00:36]} Be4 {[%emt 0:06:06]} 32. Rc3 {[%emt 0:01:45]} Qh1+ {[%emt 0:00:55]} 33. Kg3 {[%emt 0:00:09]} Qg2+ {[%emt 0:01:47]} 34. Kh4 {[%emt 0:02:04]} Bg6 {[%emt 0:05:37]} 35. Rg3 {[%emt 0:01:14]} Qd5 {[%emt 0:00:57]} 36. Rg1 {[%emt 0:02:36]} Be4 {[%emt 0:07:22]} 37. Qd1 {[%emt 0:10:56]} g5+ {[%emt 0:00:23] Qe2} 0-1

[Event "7. Arber-Senioren-Cup 2019"]
[Site "Bodenmais"]
[Date "2019.08.02"]
[Round "7.22"]
[White "Zwetz, Anita"]
[Black "Supplieth, Peter"]
[Result "1-0"]
[WhiteElo "1828"]
[BlackElo "1880"]
[Annotator "NA"]
[PlyCount "61"]
[EventDate "2019.07.27"]
[EventType "swiss"]
[EventCountry "GER"]
[SourceTitle "playchess.com"]
[Source "ChessBase"]
[SourceQuality "1"]
[TimeControl "60/7800+30:0"]

1. d4 {[%emt 0:00:00]} d5 {[%emt 0:00:00]} 2. Nf3 {[%emt 0:00:00]} c6 {[%emt 0:00:00]} 3. c3 {[%emt 0:00:00]} Bf5 {[%emt 0:00:00]} 4. Nbd2 {[%emt 0:00:39]} Nf6 {[%emt 0:00:14]} 5. e3 {[%emt 0:00:38]} Nbd7 {[%emt 0:00:36]} 6. Be2 {[%emt 0:00:49]} h6 {[%emt 0:00:07]} 7. O-O {[%emt 0:02:52]} e6 {[%emt 0:00:07]} 8. c4 Bd6 {[%emt 0:01:11]} 9. c5 {[%emt 0:04:46]} Bc7 {[%emt 0:00:14]} 10. b4 {[%emt 0:03:35]} e5 {[%emt 0:02:15]} 11. dxe5 {[%emt 0:00:32]} Nxe5 {[%emt 0:00:10]} 12. Bb2 {[%emt 0:00:11]} Qe7 {[%emt 0:01:06]} 13. Nd4 {[%emt 0:01:21]} Bd3 {[%emt 0:08:41]} 14. Qb3 {[%emt 0:01:05]} Ne4 {[%emt 0:03:49]} 15. Nxe4 {[%emt 0:13:01]} Bxe4 {[%emt 0:00:11]} 16. f4 {[%emt 0:16:11]} Nd7 {[%emt 0:03:52]} 17. Nf3 {[%emt 0:02:38]} Rg8 {[%emt 0:04:48]} 18. Nd2 {[%emt 0:28:17]} f5 {[%emt 0:09:58]} 19. Nxe4 {[%emt 0:01:43]} Qxe4 {[%emt 0:05:50]} 20. Bh5+ {[%emt 0:04:12]} g6 {[%emt 0:00:36]} 21. Bf3 {[%emt 0:00:04]} Qe7 {[%emt 0:00:59]} 22. e4 {[%emt 0:01:03]} Bxf4 {[%emt 0:11:04]} 23. Rfe1 {[%emt 0:05:28]} O-O-O {[%emt 0:03:43]} 24. exd5 {[%emt 0:01:00]} Qh4 {[%emt 0:00:57]} 25. g3 {[%emt 0:11:56]} Bxg3 {[%emt 0:01:00]} 26. hxg3 {[%emt 0:00:00]} Qxg3+ {[%emt 0:00:11]} 27. Bg2 {[%emt 0:00:04]} Qh4 {[%emt 0:07:14]} 28. dxc6 {[%emt 0:00:50]} bxc6 {[%emt 0:00:58]} 29. Qe6 {[%emt 0:02:13]} Qxb4 {[%emt 0:03:40]} 30. Qxc6+ {[%emt 0:00:51]} Kb8 {[%emt 0:01:45]} 31. Rab1 1-0

[Event "7. Arber-Senioren-Cup 2019"]
[Site "Bodenmais"]
[Date "2019.08.02"]
[Round "7.23"]
[White "Loibl, Johann"]
[Black "Bauer, Werner"]
[Result "1-0"]
[WhiteElo "1760"]
[BlackElo "1881"]
[Annotator "NA"]
[PlyCount "81"]
[EventDate "2019.07.27"]
[EventType "swiss"]
[EventCountry "GER"]
[SourceTitle "playchess.com"]
[Source "ChessBase"]
[SourceQuality "1"]
[TimeControl "60/7800+30:0"]

1. e4 {[%emt 0:00:00]} d6 {[%emt 0:10:20]} 2. d4 {[%emt 0:00:00]} Nf6 {[%emt 0:00:12]} 3. Nc3 {[%emt 0:01:10]} e5 {[%emt 0:00:41]} 4. dxe5 {[%emt 0:00:47]} dxe5 {[%emt 0:00:06]} 5. Qxd8+ {[%emt 0:01:49]} Kxd8 {[%emt 0:00:01]} 6. Nf3 {[%emt 0:02:14]} Bd6 {[%emt 0:00:30]} 7. Bc4 {[%emt 0:06:09]} Ke7 {[%emt 0:00:29]} 8. Bg5 {[%emt 0:01:36]} c6 {[%emt 0:04:22]} 9. O-O-O {[%emt 0:03:50]} b5 {[%emt 0:06:06]} 10. Nxb5 {[%emt 0:03:57]} cxb5 {[%emt 0:00:26]} 11. Bd5 {[%emt 0:00:05]} Be6 {[%emt 0:04:22]} 12. Bxa8 {[%emt 0:01:15]} h6 {[%emt 0:02:26]} 13. Bxf6+ {[%emt 0:00:11]} gxf6 {[%emt 0:00:08]} 14. Bd5 {[%emt 0:05:30]} Bc5 {[%emt 0:03:42]} 15. Rd2 {[%emt 0:02:00]} Rg8 {[%emt 0:03:43]} 16. g3 {[%emt 0:07:39]} Bxd5 {[%emt 0:07:14]} 17. exd5 {[%emt 0:03:20]} Nd7 {[%emt 0:02:38]} 18. Nh4 {[%emt 0:03:51]} Rg5 {[%emt 0:00:59]} 19. Re1 {[%emt 0:05:40]} Kd6 {[%emt 0:01:05]} 20. Ng2 {[%emt 0:01:34]} Nb6 {[%emt 0:00:31]} 21. Ne3 {[%emt 0:02:56]} f5 {[%emt 0:01:11]} 22. h4 {[%emt 0:01:35]} Rh5 {[%emt 0:00:07]} 23. Ng2 {[%emt 0:08:57]} f6 {[%emt 0:10:15]} 24. c3 {[%emt 0:06:51]} Nc4 {[%emt 0:00:38]} 25. Rde2 {[%emt 0:02:45]} Kxd5 {[%emt 0:00:35]} 26. Rd1+ {[%emt 0:01:55]} Kc6 {[%emt 0:00:26]} 27. Ne3 {[%emt 0:05:32]} Nxe3 {[%emt 0:06:49]} 28. fxe3 {[%emt 0:00:09]} f4 {[%emt 0:02:51]} 29. exf4 {[%emt 0:01:05]} exf4 {[%emt 0:00:09]} 30. Re6+ {[%emt 0:01:55]} Kc7 {[%emt 0:00:14]} 31. gxf4 {[%emt 0:01:42]} Rxh4 {[%emt 0:00:29]} 32. f5 {[%emt 0:02:36]} Rh3 {[%emt 0:08:42]} 33. Rxf6 {[%emt 0:02:04]} Be3+ {[%emt 0:00:19]} 34. Kc2 {[%emt 0:01:30]} Rh2+ {[%emt 0:04:07]} 35. Kb3 {[%emt 0:01:40]} a5 {[%emt 0:04:32]} 36. a3 {[%emt 0:07:49]} a4+ {[%emt 0:01:27]} 37. Ka2 {[%emt 0:00:11]} Bg5 {[%emt 0:01:08]} 38. Rf7+ {[%emt 0:00:58]} Kc6 {[%emt 0:00:14]} 39. Rf1 {[%emt 0:00:34]} Kd6 {[%emt 0:04:40]} 40. Rb7 {[%emt 0:00:44]} Kc6 {[%emt 0:01:23]} 41. Rg7 {[%emt 0:01:16]} 1-0

[Event "7. Arber-Senioren-Cup 2019"]
[Site "Bodenmais"]
[Date "2019.08.02"]
[Round "7.24"]
[White "Meul, Willi"]
[Black "Riess, Michael"]
[Result "1-0"]
[WhiteElo "1904"]
[BlackElo "1686"]
[Annotator "NA"]
[PlyCount "45"]
[EventDate "2019.07.27"]
[EventType "swiss"]
[EventCountry "GER"]
[SourceTitle "playchess.com"]
[Source "ChessBase"]
[SourceQuality "1"]
[TimeControl "60/7800+30:0"]

1. d4 {[%emt 0:00:00]} d5 {[%emt 0:00:00]} 2. Bf4 {[%emt 0:00:00]} Nf6 {[%emt 0:00:05]} 3. e3 {[%emt 0:00:00]} Nc6 {[%emt 0:00:38]} 4. Nd2 {[%emt 0:01:49]} e6 {[%emt 0:02:07]} 5. Ngf3 {[%emt 0:00:14]} Bd6 {[%emt 0:02:43]} 6. Bg3 {[%emt 0:00:53]} O-O {[%emt 0:01:14]} 7. c3 {[%emt 0:03:12]} Re8 {[%emt 0:02:24]} 8. Ne5 {[%emt 0:00:29]} Bxe5 {[%emt 0:00:39]} 9. dxe5 {[%emt 0:00:31]} Nd7 {[%emt 0:01:18]} 10. f4 {[%emt 0:03:17]} Nf8 {[%emt 0:05:23]} 11. Bd3 {[%emt 0:02:24]} Ng6 {[%emt 0:03:10]} 12. Qg4 {[%emt 0:06:48]} Nce7 {[%emt 0:03:00]} 13. h4 {[%emt 0:06:13]} Nf5 {[%emt 0:03:30]} 14. Bf2 {[%emt 0:00:37]} h6 {[%emt 0:04:09]} 15. h5 {[%emt 0:01:14]} Nge7 {[%emt 0:00:32]} 16. Qh3 {[%emt 0:00:28]} Nc6 {[%emt 0:06:53]} 17. g4 {[%emt 0:02:34]} Nfe7 {[%emt 0:01:15]} 18. Bh4 {[%emt 0:02:37]} Qd7 {[%emt 0:00:35]} 19. g5 {[%emt 0:02:22]} Nf5 {[%emt 0:00:38]} 20. Bxf5 {[%emt 0:00:32]} exf5 {[%emt 0:00:11]} 21. gxh6 {[%emt 0:00:07]} gxh6 {[%emt 0:01:42]} 22. Qg3+ {[%emt 0:01:14]} Kf8 {[%emt 0:03:49]} 23. Bf6 {[%emt 0:00:09]} 1-0